• 首页
  • 本馆介绍
  • 公告通知
  • 最新文献
  • 馆藏检索
  • 电子资源
  • 读者导购
  • 参考咨询
  • 我的图书馆
  • 登录
  • 详细信息显示
  • 放入我的书架
  • 预约/预借图书
  • 作者相关作品
  • 分类相关作品
  • 丛书相关作品
  • 出版社相关作品

书目信息

  • 表格格式
  • 工作单格式
  • 卡片格式
题名:
忻州“武家班”吹戏
    
 
作者: 顾小英 , 武先喜 编著
分册:  
出版信息: 北京   中国戏剧出版社  2014
页数: 732页
开本: 26cm
丛书名:
单 册:
中图分类: J643.525
科图分类:
主题词: 北路梆子--唱腔--作品集 , 晋剧--唱腔--作品集
电子资源:
ISBN: 978-7-104-04174-0
000 00982nam0 2200265 450
001 338096
005 20150601150100.20
010    @a978-7-104-04174-0@dCNY88.00
100    @a20141022d2014 em y0chiy50 ea
101 0  @achi
102    @aCN@b110000
105    @ag z 000yy
106    @ar
200 1  @a忻州“武家班”吹戏@Axin zhou “ wu jia ban ” chui xi@f顾小英, 武先喜编著
210    @a北京@c中国戏剧出版社@d2014
215    @a732页@d26cm
300    @a山西省文化厅艺术科学规划项目“忻州八音会·吹戏研究”课题支助
330    @a本书通过对忻州“武家班”吹奏剧目的收集整理, 共编写了包括北路梆子、中路梆子两个剧种的十九本戏, 特别是北路梆子的吹奏剧目大都取材于“武家班”流传下来的北路梆子已故老艺人的代表曲目。
606 0  @a北路梆子@x唱腔@x作品集
606 0  @a晋剧@x唱腔@x作品集
690    @aJ643.525@v5
701  0 @a顾小英@Agu xiao ying@c(女, @f1967)@4编著
701  0 @a武先喜@Awu xian xi@f(1950)@4编著
801  0 @aCN@b卓展宏图@c20150525
905    @dJ643.525@e251@f3
    
    忻州“武家班”吹戏/顾小英, 武先喜编著.-北京:中国戏剧出版社,2014
    732页;26cm
    山西省文化厅艺术科学规划项目“忻州八音会·吹戏研究”课题支助
    
    ISBN 978-7-104-04174-0:CNY88.00
    本书通过对忻州“武家班”吹奏剧目的收集整理, 共编写了包括北路梆子、中路梆子两个剧种的十九本戏, 特别是北路梆子的吹奏剧目大都取材于“武家班”流传下来的北路梆子已故老艺人的代表曲目。
●
相关链接 在E读中查询图书 在五车中查询图书 在当当中查询图书 在豆瓣中查询图书


正题名:忻州"武家班"吹戏     索取号:J643.525/251         预约/预借

序号 登录号 条形码 馆藏地/架位号 状态 备注
1 857344   208573444   第一样本阅览室/ [索取号:J643.525/251] 在馆    
2 857345   208573453   第一借阅区/ [索取号:J643.525/251] 在馆    
3 857346   208573462   第一借阅区/ [索取号:J643.525/251] 在馆    
唐山师范学院图书馆 欢迎您!
大连网信软件有限公司© 版权所有